000 00469nam a2200157 i 4500
001 49104
003 ES-MaACL
005 20230906161903.0
007 t|
008 030708s1955 sp ||||1| spa d
100 1 _aCorrea Calderón, Evaristo.
_940752
245 1 3 _aLa noche céltica
_b: cuentos galaicos /
_cE. Correa Calderón.
260 _aMadrid :
_bAguilar,
_c1955 (
_fSelecciones Gráficas)
300 _a220 p. ;
_c20 cm.
852 _aES-MaACL
_jC-10458
_bR.37864
999 _c49104
_d49104